000 01934cam a22003494a 4500
001 11803500
003 NUST-PNEC
005 20170116180658.0
008 991006s2000 enka 001 0 eng
010 _a 99051579
020 _a0750644419
040 _aDLC
_cPNEC
_dDLC
042 _apcc
043 _ae------
050 0 0 _aR856.6
_b.T74 2000
082 0 0 _a681.761 TRI
100 1 _aTricker, Ray.
245 1 0 _aMDD compliance using quality management techniques /
_cRay Tricker.
260 _aOxford ;
_aBoston :
_bButterworth Heinemann,
_c2000.
300 _axviii, 590 p. :
_bill. ;
_c24 cm. +
_e1 computer optical laser disc (4 3/4 in.)
500 _aIncludes index. http://www.amazon.com/Compliance-Using-Quality-Management-Techniques/dp/0750644419/ref=sr_1_1?s=books&ie=UTF8&qid=1409990673&sr=1-1&keywords=0750644419
538 _aSystem requirements: Windows 95, 98, or NT 4.); Pentium 60 or better; 4x CD-Rom drive or better; 16 MB RAM or better; Power Macintosh, 6100/60 Power PC or better.
650 0 _aMedical instruments and apparatus
_xSafety regulations
_zEuropean Union Countries.
650 0 _aMedical instruments and apparatus industry
_xProduction standards
_zEuropean Union Countries.
650 0 _aMedical instruments and apparatus
_zEuropean Union Countries
_xDesign and construction
_xIME
650 0 _aMedical instruments and apparatus
_xStandards
_zEuropean Union Countries.
856 4 1 _3Table of contents
_uhttp://www.loc.gov/catdir/toc/els033/99051579.html
856 4 2 _3Publisher description
_uhttp://www.loc.gov/catdir/description/els033/99051579.html
906 _a7
_bcbc
_corignew
_d1
_eocip
_f19
_gy-gencatlg
942 _2ddc
_cBK
999 _c60457
_d60457